00744 a2200193 450000500170000001000150001702000260003203500140005803700090007208200120008110000280009324500570012126000490017827000970022730000240032494200310034899900190037995201520039820250103151844.0 aENG-143173 a9788195288908c450.00 aEN-126705 bDBAD a181.499 aKrishnamurti, J.975828 aMAN IS NOT THE MEASURE/cDialogue by J. Krishnamurti aChennaibKrishnamurti Foundation Indiac2022 aVasanta Vihar, 124, Greenways Road,bChennaicTamil Nadue600028mpublications@kfionline.org axiv,40p.c21cm.(Pb) adplcEN2ddch181.499mKRI c208026d208026 001040708NFICaMPbMPd2025-01-03eDelivery of Books Divisiong450.00l0o181.499 KRIpEN-126705r2025-01-03 00:00:00t1v450.00w2025-01-03yEN